| 000 | 00892cam a2200229 i 4500 | ||
|---|---|---|---|
| 005 | 20251207100138.0 | ||
| 008 | 250721s2004 ua gr 000 0 ara d | ||
| 020 | _a | ||
| 082 | 1 | 4 |
_a214.61 _bت م ى |
| 100 | 1 |
_aالتميمي، محمد بن خليفة بن علي _eمؤلف. |
|
| 245 | 1 | 0 |
_aحقوق النبي على أمته في ضوء الكتاب والسنة / _cتأليف الدكتور محمد بن خليفة بن علي التميمي. |
| 250 | _aالطبعة الأولى. | ||
| 264 | 3 | 1 |
_aالقاهرة : _bمكتبة التراث الإسلامي، _c2004. |
| 300 | _a712 صفحة. | ||
| 650 | 1 | 7 | _aالإيمان. |
| 650 | 1 | 7 | _aأركان الإسلام. |
| 650 | 1 | 7 | _aالانبياء. |
| 650 | 1 | 7 | _aالسيرة النبوية. |
| 650 | 1 | 7 | _aمحمد صلى الله عليه وسلم. |
| 942 |
_2ddc _cBK |
||
| 999 |
_c95669 _d95669 |
||